000 01027nam a22002297a 4500
003 BR-ViAPE
005 20260512164226.0
008 260512s2017 porabcogsb||| 001 0 por d
020 _q978-85-94353-07-8
040 _cBR-ViAPE
245 _aHistória dos povos indígenas no Espírito Santo:
_bos Puri
260 _aVitória
_bEditora Milfontes
_c2017
300 _a320 p.
_bil.
_c20 cm.
300 _bLivro disponível em PDF
490 _aColeção História dos Povos Indígenas no Espírito Santo
_vv. 1
500 _aLivro disponível em versão digital mediante autorização do autor. Pertence ao projeto "Autores Pela Memória" do Arquivo Público do Estado do Espírito Santo.
650 _aIndígenas
_xAntropologia
_xHistória
_xPuri
_zEspírito Santo (Brasil)
651 _aEspírito Santo (Brasil)
700 _aBentivoglio, Julio
_eorganizador
856 _uhttps://ape.es.gov.br/Media/ape/PDF/Livros/Autores_pela_memoria/BR_APEES_01_Livro_Os_Puri.pdf
_yCLIQUE AQUI PARA ACESSAR O DOCUMENTO
942 _2ddc
_cBK
_n1
999 _c637
_d637